ბათუმის შოთა რუსთაველის სახელმწიფო უნივერსიტეტის ბიბლიოთეკა

საქართველოსა და მსოფლიოს ისტორია გეოგრაფია VII კლასი (ბიბ.ჩანაწერი № 36747)

000 -LEADER
fixed length control field 00777nam a2200217Ia 4500
001 - CONTROL NUMBER
control field 2684
003 - CONTROL NUMBER IDENTIFIER
control field GE_BSU
008 - FIXED-LENGTH DATA ELEMENTS--GENERAL INFORMATION
fixed length control field 181216s||||||||xx |||||||||||||| ||und||
020 ## - INTERNATIONAL STANDARD BOOK NUMBER
International Standard Book Number 9992892889
040 ## - CATALOGING SOURCE
Transcribing agency GE_BSU
080 ## - UNIVERSAL DECIMAL CLASSIFICATION NUMBER
Universal Decimal Classification number 913(479.22:100)
100 ## - MAIN ENTRY--PERSONAL NAME
Personal name კიკნაძე, ზურაბ და სხვ.
245 ## - TITLE STATEMENT
Title საქართველოსა და მსოფლიოს ისტორია გეოგრაფია VII კლასი
260 ## - PUBLICATION, DISTRIBUTION, ETC.
Place of publication, distribution, etc. თბილისი
260 ## - PUBLICATION, DISTRIBUTION, ETC.
Name of publisher, distributor, etc. ლოგოს პრესი
260 ## - PUBLICATION, DISTRIBUTION, ETC.
Date of publication, distribution, etc. 2006
300 ## - PHYSICAL DESCRIPTION
Extent 350 გვ.ილ.
653 ## - INDEX TERM--UNCONTROLLED
Uncontrolled term საქართველოსა და მსოფლიოს ისტორია გეოგრაფია
942 ## - ADDED ENTRY ELEMENTS (KOHA)
Koha item type წიგნი
ეგზემპლარები
Withdrawn status Lost status Damaged status Not for loan Date acquired Barcode Date last seen Price effective from Koha item type
        2018-12-17 1550 2018-12-17 2018-12-17 წიგნი